000 00729nam a2200205Ii 4500
003 JO-AjNU
008 230606s9999||||xx |||||||||||||| ||und||
020 _a978-84-16982-00-4
040 _aJO-AjNU
_beng
_erda
_cJO-AjNU
041 _aeng
050 1 4 _aG155 2016
100 3 _aEl Debs, Hamid , Mairna Mustafa,
_eauthor
_95740
245 0 0 _aTuning Moyen-Orient et Afrique du Nord: Les Points de Reference Pour la Conception et la Prestation des Programmes d'Etudes Universitaires en Tourisme
264 3 1 _aBilbao: Universite de Deusto, 2016
300 _a164P
336 _atext
_btxt
_2rdacontent
337 _aunmediated
_bn
_2rdamedia
338 _avolume
_bnc
_2rdacarrier
650 4 _aTourism - study and education
_95741
999 _aE2973
_c2971
_d2971